| 000 | 005560000a22001810004500 | ||
|---|---|---|---|
| 003 | MACL | ||
| 005 | 20160221153325.0 | ||
| 008 | 160221b xxu||||| |||| 00| 0 eng d | ||
| 040 |
_aMACL _cMACL |
||
| 041 | _aHindi | ||
| 082 | _a800/SIN | ||
| 100 |
_aराजबली सिंह _939515 |
||
| 245 | _aहिन्दी में उच्चतर साहित्य | ||
| 260 |
_bनागरीप्रचारिणी सभा _aवाराणसी |
||
| 350 | _a25 | ||
| 650 |
_aDictionary _939516 |
||
| 942 |
_cHIN _k403 _2ddc |
||
| 999 |
_c25762 _d25762 |
||